Planning your financial future / (Record no. 6915)
[ view plain ]
| 000 -LEADER | |
|---|---|
| fixed length control field | 01166nac a22002771u 4500 |
| 010 ## - LIBRARY OF CONGRESS CONTROL NUMBER | |
| LC control number | 99072431 |
| 020 ## - INTERNATIONAL STANDARD BOOK NUMBER | |
| International Standard Book Number | 0030210429 |
| 082 00 - DEWEY DECIMAL CLASSIFICATION NUMBER | |
| Classification number | 332.02401 |
| Item number | BOO |
| 090 ## - LOCALLY ASSIGNED LC-TYPE CALL NUMBER (OCLC); LOCAL CALL NUMBER (OCLC) | |
| -- | 6915 |
| -- | 6915 |
| 100 ## - MAIN ENTRY--PERSONAL NAME | |
| Personal name | Boone, Louis E. |
| 245 10 - TITLE STATEMENT | |
| Title | Planning your financial future / |
| Statement of responsibility, etc | Louis E. Boone, David L. Kurtz, Douglas Hearth. |
| 250 ## - EDITION STATEMENT | |
| Edition statement | 2nd ed. |
| 260 ## - PUBLICATION, DISTRIBUTION, ETC. (IMPRINT) | |
| Place of publication, distribution, etc | Fort Worth, Tex. : |
| Name of publisher, distributor, etc | Dryden Press,c2000. |
| Date of publication, distribution, etc | c2000. |
| 300 ## - PHYSICAL DESCRIPTION | |
| Extent | xxiv, 568 p. : |
| Other physical details | ill. (some col.) ; |
| Dimensions | 26 cm. + |
| Accompanying material | 1 computer disk (3 1/2 in.). |
| 440 #4 - | |
| -- | The Dryden Press series in finance |
| 500 ## - GENERAL NOTE | |
| General note | Disk includes personal finance wizard, which contains Microsoft Excel worksheets based on the paper worksheets in the book. |
| 500 ## - GENERAL NOTE | |
| General note | Includes index. |
| 500 ## - GENERAL NOTE | |
| General note | Distributer: Al-Ahram. |
| 511 ## - PARTICIPANT OR PERFORMER NOTE | |
| Participant or performer note | Catalogued By: Mahitab. |
| 538 ## - SYSTEM DETAILS NOTE | |
| System details note | System requirements for accompanying computer disk: IBM-compatible PC; Microsoft Windows 3.1 or higher; Microsoft Excel 5.0 or higher; Microsoft Word 6.0 or higher. |
| 650 #0 - SUBJECT ADDED ENTRY--TOPICAL TERM | |
| Topical term or geographic name as entry element | Finance, Personal. |
| 650 #0 - SUBJECT ADDED ENTRY--TOPICAL TERM | |
| Topical term or geographic name as entry element | Investments. |
| 700 1# - ADDED ENTRY--PERSONAL NAME | |
| Personal name | Kurtz, David L. |
| 700 1# - ADDED ENTRY--PERSONAL NAME | |
| Personal name | Hearth, Douglas. |
| 942 ## - ADDED ENTRY ELEMENTS (KOHA) | |
| Item type | Book - Borrowing |
| Call number prefix | 332.02401BOO |
| Withdrawn status | Item status | Damaged status | Not for loan | Home library | Current library | Shelving location | Date acquired | Source of acquisition | Total Checkouts | Full call number | Barcode | Date last seen | Koha item type |
|---|---|---|---|---|---|---|---|---|---|---|---|---|---|
| Central Library | Central Library | First floor | 07/12/2010 | Purchase | 332.02401BOO | 000008536 | 15/07/2025 | Book - Borrowing |